[Event "FSIMA July"]
[Site "Budapest HUN"]
[Date "2002.07.16"]
[Round "11"]
[White "Tanaka,Y"]
[Black "Alfred,N"]
[Result "1/2-1/2"]
[WhiteElo "2187"]
[BlackElo "2249"]

1.d4 Nf6 2.c4 g6 3.Nf3 Bg7 4.g3 O-O 5.Bg2 d6 6.Nc3 Nc6 7.O-O a6 8.d5 Na5
9.Nd2 c5 10.Qc2 Rb8 11.b3 b5 12.Rb1 e5 13.Bb2 Bh6 14.f4 bxc4 15.bxc4 exf4
16.gxf4 Nh5 17.e3 f5 18.Ba1 Rxb1 19.Rxb1 Qe7 20.Nd1 Nb7 21.Nf3 Nd8 22.Qa4 Bg7
23.Bxg7 Nxg7 24.Rb6 h6 25.h4 Nh5 26.Qc2 Nf6 27.Nh2 Nf7 28.Qf2 Kh7 29.Bf3 Re8
30.Rb3 h5 31.Qg2 Ng4 32.Bxg4 fxg4 33.Qf2 Bf5 34.Nf1 Nh6 35.Qb2 Bc8 36.e4 Qxh4
37.Nf2 Qe7 38.e5 dxe5 39.Ne4 Nf5 40.fxe5 Nd4 41.Nf6+ Kh6 42.Nxe8 Qxe8 43.e6 h4
44.Ne3 Bxe6 45.dxe6 Qxe6 46.Nf1 Ne2+ 47.Kf2 g3+ 48.Kf3 Nd4+ 49.Kg2 Qe4+ 50.Kh3 Qh1+
51.Kg4 Qe4+ 52.Kh3 Qh1+ 53.Kg4 Qe4+ 54.Kh3 Qh1+ 55.Kg4 Qe4+ 56.Kh3  1/2-1/2

[Event "24th Politiken Cup"]
[Site "Copenhagen DEN"]
[Date "2002.07.17"]
[Round "3"]
[White "Pert,N"]
[Black "Akesson,J"]
[Result "1-0"]
[WhiteElo "2460"]
[BlackElo "2234"]

1.d4 Nf6 2.Nf3 g6 3.c4 Bg7 4.g3 O-O 5.Bg2 d6 6.O-O c6 7.Nc3 Na6 8.h3 Qb6
9.b3 e5 10.dxe5 dxe5 11.Be3 Qa5 12.Qc1 Ne8 13.a3 Nd6 14.b4 Qc7 15.c5 Nf5
16.Bd2 Be6 17.Ne4 Bd5 18.Qc2 Nd4 19.Nxd4 exd4 20.Rad1 Qd7 21.e3 Qf5 22.g4 Qe6
23.Ng5 Qf6 24.e4 Be6 25.f4 d3 26.Qxd3 Qd4+ 27.Qxd4 Bxd4+ 28.Kh2 Bc4 29.Rh1 Rad8
30.Bc1 Bb3 31.Rd3 Bc4 32.Rd2 Bb3 33.Re1 Nc7 34.Nf3 Nb5 35.Nxd4 Nxd4 36.Kg3 Rd7
37.Kf2 Rfd8 38.Bf1 Nc2 39.Rxd7 Rxd7 40.Re2 Rd1 41.Bb2 Bc4 42.Rxc2 Bxf1 43.Bf6 Bxh3
44.b5 g5 45.bxc6 bxc6 46.Rb2 h6 47.Rb8+ Kh7 48.f5  1-0

[Event "KB Czech Open"]
[Site "Pardubice CZE"]
[Date "2002.07.20"]
[Round "2"]
[White "Grabarczyk,M"]
[Black "Hagara,E"]
[Result "1-0"]
[WhiteElo "2514"]
[BlackElo "2358"]

1.d4 Nf6 2.c4 g6 3.g3 Bg7 4.Bg2 O-O 5.Nf3 d6 6.Nc3 Nbd7 7.O-O e5 8.e4 exd4
9.Nxd4 a6 10.h3 Re8 11.Be3 Rb8 12.b3 c5 13.Nde2 b5 14.Qxd6 b4 15.Na4 Nxe4
16.Bxe4 Rxe4 17.Rad1 Qe8 18.Nxc5 Rxe3 19.Nxd7 Bxd7 20.fxe3 Bxh3 21.Rf2 Be5
22.Qc5 Rc8 23.Qxb4 h5 24.Rd5 Bc7 25.Qc3 h4 26.gxh4 Bb6 27.c5 Qe6 28.Qd4 Rxc5
29.Rxc5 Bxc5 30.Qxc5 Qg4+ 31.Kh2 Qxh4 32.e4 Bf5+ 33.Kg1 Bxe4 34.Qc8+ Kg7
35.Qc3+  1-0

[Event "KB Czech Open"]
[Site "Pardubice CZE"]
[Date "2002.07.21"]
[Round "3"]
[White "Neverov,V"]
[Black "Onoprienko,V"]
[Result "1-0"]
[WhiteElo "2587"]
[BlackElo "2407"]

1.d4 Nf6 2.c4 g6 3.Nf3 Bg7 4.g3 O-O 5.Bg2 d6 6.O-O Nc6 7.Nc3 a6 8.h3 Rb8
9.e4 Bd7 10.e5 Ne8 11.Re1 b5 12.cxb5 axb5 13.Bf4 b4 14.Ne4 Rb5 15.Rc1 Qb8
16.Qd2 Qb6 17.Bh6 f6 18.exf6 exf6 19.Be3 Qa5 20.Bf1 Rb8 21.d5 Ne5 22.Nxe5 fxe5
23.a3 Qa8 24.axb4 Qb7 25.b5 Bxb5 26.Bxb5 Qxb5 27.Rc2 Qb3 28.Ng5 Rb5 29.Ne6 Rxd5
30.Qc1 Rf7 31.Nxc7 Nxc7 32.Rxc7 Rb5 33.Qc6 Rxc7 34.Qxc7 Bf8 35.Ra1 Rb7 36.Qc8 Rb8
37.Qg4 Rb4 38.Qc8 Rb8 39.Qd7 Rb7 40.Qc6 Qb5 41.Qc8 Qd7 42.Qc3 Kf7 43.Ra8 Bg7
44.b4 d5 45.Bc5 e4 46.Bd4 Bf8 47.Qc1 Bxb4 48.Qh6 Ke7 49.Qxh7+ Kd6 50.Qxg6+ Kc7
51.Be5+  1-0

[Event "Battle of Senta Open"]
[Site "Senta YUG"]
[Date "2002.07.21"]
[Round "4"]
[White "Arsovic,G"]
[Black "Gasic,B"]
[Result "1-0"]
[WhiteElo "2434"]
[BlackElo "2263"]

1.Nf3 Nf6 2.c4 g6 3.g3 Bg7 4.Bg2 d6 5.d4 O-O 6.O-O Nbd7 7.Nc3 e5 8.e4 exd4
9.Nxd4 Re8 10.h3 Nc5 11.Re1 a5 12.Rb1 c6 13.Bf4 a4 14.b4 axb3 15.axb3 Bf8
16.Qd2 Nfd7 17.Red1 Ne5 18.Qc2 Bg7 19.Be3 Qe7 20.f4 Ned7 21.Bf2 h5 22.Re1 Ne6
23.Nxe6 fxe6 24.e5 dxe5 25.Qxg6 Nf8 26.Qxh5 exf4 27.Ne4 Rd8 28.gxf4 e5 29.Bh4 Qe8
30.Qg5 Ne6 31.Nf6+ Kh8 32.Nxe8 Nxg5 33.Nxg7 Rd2 34.fxg5 Raa2 35.Bf1 Kxg7
36.Rxe5 Kg6 37.Rbe1 Bf5 38.R1e2 Rxe2 39.Bxe2 Bxh3 40.b4 Bf5 41.Bf1  1-0

[Event "KB Czech Open"]
[Site "Pardubice CZE"]
[Date "2002.07.22"]
[Round "4"]
[White "Grabarczyk,M"]
[Black "Langheinrich,F"]
[Result "1-0"]
[WhiteElo "2514"]
[BlackElo "2360"]

1.d4 Nf6 2.c4 g6 3.g3 Bg7 4.Bg2 O-O 5.Nf3 d6 6.O-O Nc6 7.Nc3 a6 8.Bf4 Rb8
9.Rc1 Bd7 10.Nd5 Nh5 11.Be3 f5 12.Qd2 e6 13.Nf4 Nxf4 14.Bxf4 Ne7 15.Bh6 Qe8
16.Rfe1 Bxh6 17.Qxh6 Qf7 18.e4 Qg7 19.Qd2 h6 20.exf5 Nxf5 21.h4 Rf7 22.Rc3 Rbf8
23.Re2 Kh7 24.Rd3 b6 25.b4 Kg8 26.Nh2 Kh7 27.Ng4 Bc8 28.a4 Ne7 29.Ne3 Bd7
30.a5 bxa5 31.bxa5 Rb8 32.Re1 Rff8 33.Bh3 Nc6 34.Ng2 Nb4 35.Rde3 Nc6 36.Rd3 Nb4
37.Rde3 Nc6 38.Rd1 Rbe8 39.f4 g5 40.hxg5 hxg5 41.fxg5 e5 42.Bxd7 Qxd7 43.dxe5 Nxe5
44.Qd5 Qg4 45.Rf1 Rxf1+ 46.Kxf1 Qxg5 47.Nf4 Qf5 48.c5 dxc5 49.Qxc5 c6 50.Kg2 Qf6
51.Re1 Kg8 52.Re3 Kh7 53.Qc2+ Kg8 54.Qa2+ Qf7 55.Qe2 Qf5 56.Nd3  1-0

[Event "6th Open"]
[Site "Korinthos GRE"]
[Date "2002.07.23"]
[Round "1"]
[White "Romanishin,O"]
[Black "Stefanidi,M"]
[Result "1-0"]
[WhiteElo "2559"]
[BlackElo "2036"]

1.d4 Nf6 2.Nf3 g6 3.g3 Bg7 4.Bg2 O-O 5.c4 d6 6.O-O Nbd7 7.d5 e6 8.dxe6 fxe6
9.Nc3 Qe7 10.Bf4 a5 11.Nb5 Nc5 12.Nxd6 Nh5 13.Nxc8 Raxc8 14.Bg5 Qe8 15.Qc2 Nf6
16.Rad1 Nfd7 17.b3 Qf7 18.Be3 Rcd8 19.Rxd7 Nxd7 20.Ng5 Qe7 21.Nxe6  1-0

[Event "Macedonian Open"]
[Site "Struga MKD"]
[Date "2002.07.24"]
[Round "5"]
[White "Jacimovic,D"]
[Black "Nedev,T"]
[Result "1/2-1/2"]
[WhiteElo "2469"]
[BlackElo "2476"]

1.d4 Nf6 2.Nf3 g6 3.c4 Bg7 4.g3 O-O 5.Bg2 d6 6.Nc3 c6 7.h3 Qa5 8.O-O Qa6
9.b3 b5 10.cxb5 cxb5 11.Qd3  1/2-1/2

[Event "6th Open"]
[Site "Korinthos GRE"]
[Date "2002.07.25"]
[Round "3"]
[White "Romanishin,O"]
[Black "Zozulia,A"]
[Result "1-0"]
[WhiteElo "2559"]
[BlackElo "2309"]

1.Nf3 Nf6 2.g3 g6 3.Bg2 Bg7 4.d4 O-O 5.c4 d6 6.O-O c6 7.Nc3 Qa5 8.h3 Qa6
9.b3 b5 10.Nd2 Bb7 11.Bb2 Nbd7 12.e4 e5 13.cxb5 cxb5 14.a4 bxa4 15.Nxa4 Qb5
16.Nc4 Ba6 17.Nxd6 Qb4 18.dxe5 Bxf1 19.Bc3 Qb8 20.exf6 Bxf6 21.Kxf1 Bxc3
22.Nxc3 Qb4 23.Ncb5 Nc5 24.Qd4 a5 25.e5 Nxb3 26.Qxb4  1-0

[Event "KB Czech Open"]
[Site "Pardubice CZE"]
[Date "2002.07.25"]
[Round "7"]
[White "Fridman,D"]
[Black "Murey,J"]
[Result "1/2-1/2"]
[WhiteElo "2571"]
[BlackElo "2496"]

1.d4 Nf6 2.c4 g6 3.Nf3 Bg7 4.g3 O-O 5.Bg2 d6 6.Nc3 Nc6 7.O-O Bf5 8.d5 Na5
9.Nd4 Bd7 10.Qd3 Ng4 11.Nf3 c5 12.e4 a6 13.h3 Ne5 14.Nxe5 Bxe5 15.Bh6 Re8
16.Rab1 b5 17.cxb5 axb5 18.b4 Nb7 19.Nxb5 Rxa2 20.Be3 Qc8 21.bxc5 Nxc5 22.Qc4 Qa6
23.Rb4 Rc8 24.Rfb1 Qa5 25.Qf1 Ra4 26.Qc4 Ra1 27.Rxa1 Qxa1+ 28.Qf1 Qa5 29.Bd2 Rb8
30.Nxd6 Rxb4 31.Nc4 Qc7 32.Bxb4 Bb5 33.Ba5  1/2-1/2

[Event "ch-TUR"]
[Site "Ankara TUR"]
[Date "2002.07.26"]
[Round "5"]
[White "Guner,B"]
[Black "Isik,E"]
[Result "1-0"]
[WhiteElo "2142"]
[BlackElo "2085"]

1.d4 Nf6 2.Nf3 g6 3.c4 Bg7 4.g3 O-O 5.Bg2 d6 6.Nc3 a6 7.O-O Nc6 8.h3 Rb8
9.Be3 e5 10.dxe5 dxe5 11.Nd5 e4 12.Ng5 h6 13.Nxe4 Nxe4 14.Bxe4 Bxh3 15.Bg2 Bxg2
16.Kxg2 Ne5 17.Qc2 b5 18.Rad1 Nxc4 19.Bc5 Nd6 20.Nxc7 Qxc7 21.Rxd6 Rbc8 22.Rc1 Rfe8
23.b4 Qb7+ 24.Kg1 Re5 25.Qd3 Rce8 26.Qf3 Qxf3 27.exf3 a5 28.a3 a4 29.Rb6 Re1+
30.Rxe1 Rxe1+ 31.Kg2 Ra1 32.Rxb5 Rxa3 33.Ra5 Ra1 34.b5 Bc3 35.Ra8+ Kh7 36.b6 g5
37.b7 Bd4 38.Bxd4 Rb1 39.Be5 Rxb7 40.g4 h5  1-0

[Event "6th Open"]
[Site "Korinthos GRE"]
[Date "2002.07.27"]
[Round "5"]
[White "Romanishin,O"]
[Black "Nikolaidis,I"]
[Result "1/2-1/2"]
[WhiteElo "2559"]
[BlackElo "2502"]

1.Nf3 g6 2.d4 Bg7 3.g3 Nf6 4.Bg2 O-O 5.c4 d6 6.O-O Nbd7 7.d5 Nb6 8.Qb3 e5
9.Nc3 Nfd7 10.Bg5 Bf6 11.Bxf6 Qxf6 12.Qc2 Qe7 13.Nd2 f5 14.Nb5 Nf6 15.b4 a6
16.e3 e4 17.Nd4  1/2-1/2

[Event "2nd Summer Open"]
[Site "Savaria HUN"]
[Date "2002.07.28"]
[Round "4"]
[White "Ignacz,M"]
[Black "Erdelyi,Z"]
[Result "1/2-1/2"]
[WhiteElo "2050"]
[BlackElo "2244"]

1.d4 Nf6 2.c4 g6 3.Nf3 Bg7 4.g3 O-O 5.Bg2 d6 6.O-O Nbd7 7.d5 e5 8.dxe6 fxe6
9.Nd4 Nc5 10.Nc3 a5 11.a4 Nfd7 12.Be3 Ne5 13.Nb3 Nxb3 14.Qxb3 Ng4 15.Bd2 Bd4
16.e3 Bg7 17.Ne4 Kh8 18.Bc3 Ne5 19.Rad1 Qe7 20.Qb5 Bd7 21.Qb3 Bc6 22.Qc2 h6
23.Bxe5 Bxe5 24.Nc3 Bxg2 25.Kxg2 Qf6 26.Nb5 Qg7 27.b3 g5 28.Qe4 b6 29.Qc6 Rac8
30.Na7 Rce8 31.Qe4 g4 32.Nc6 Rf5 33.Nxe5 Rxe5 34.Qc6 Rf8 35.Rd4 Ref5 36.Rf4 e5
37.Rxf5 Rxf5 38.Qe8+ Qg8 39.Qxg8+ Kxg8 40.h3 gxh3+ 41.Kxh3 e4 42.Kg2 Kf7
43.Rh1 h5 44.Rh4 Re5 45.Kf1 Ke6 46.Ke2 Kd7 47.Rf4 Kc6 48.Kd2 Kc5 49.Kc3 c6  1/2-1/2

[Event "Open"]
[Site "Olomouc CZE"]
[Date "2002.08.04"]
[Round "5"]
[White "Slovak,P"]
[Black "Lys,J"]
[Result "0-1"]
[WhiteElo "2120"]
[BlackElo "2359"]

1.d4 g6 2.g3 Bg7 3.Bg2 Nf6 4.c4 O-O 5.Nf3 d6 6.O-O c6 7.Nc3 Bf5 8.e3 Qc8
9.b3 Bh3 10.Bb2 Na6 11.Qd2 Rd8 12.Rac1 Qg4 13.Rfd1 Bxg2 14.Kxg2 Ne4 15.Nxe4 Qxe4
16.a3 d5 17.c5 Nc7 18.Qc2 f5 19.Bc3 Rf8 20.Qe2 f4 21.Rf1 Rf7 22.Qc2 fxe3
23.Qxe4 dxe4 24.Ng5 Rxf2+ 25.Rxf2 exf2 26.Nxe4 Nb5 27.Bb2 Bxd4 28.Bxd4 Nxd4
29.b4 a5 30.Rd1 e5 31.Nxf2 axb4 32.axb4 Kf7 33.Ng4 Ra2+ 34.Kh3 Ke6 35.Re1 Nf3
36.Re3 Ng5+ 37.Kh4 Nf7 38.Rf3 h5 39.Rf6+ Ke7 40.Rxg6 hxg4 41.Kxg4 Rxh2  0-1

[Event "Ladies"]
[Site "Stockholm SWE"]
[Date "2002.08.05"]
[Round "3"]
[White "Tetenkina,I"]
[Black "Johansson,V"]
[Result "0-1"]
[WhiteElo "2221"]
[BlackElo "2176"]

1.d4 Nf6 2.Nf3 g6 3.g3 Bg7 4.Bg2 O-O 5.c4 d6 6.Nc3 Nbd7 7.O-O e5 8.e4 c6
9.h3 exd4 10.Nxd4 Re8 11.Re1 Qb6 12.Nc2 Ne5 13.b3 Nh5 14.Be3 Qa5 15.Ne2 Bxh3
16.Bxh3 Nf3+ 17.Kf1 Bxa1 18.Qxa1 Nxe1 19.Nxe1 Rxe4 20.g4 Ng7 21.Bh6 Qe5 22.Qxe5 Rxe5
23.Bf4 Re6 24.g5 f5 25.gxf6 Rxf6 26.Bg5 Rf7 27.Nd4 Re8 28.Ng2 Re4 29.Be3 g5
30.Bc8 Rc7 31.Bxb7 Rxb7 32.Nxc6 h6 33.f3 Re8 34.b4 a6 35.a4 Nf5 36.Bd2 Rc7
37.Na5 Nd4 38.b5 axb5 39.axb5 Nxf3 40.Bb4 Rd7 41.b6 Rb8 42.b7 Rbxb7 43.Nxb7 Rxb7
44.Bxd6 Nd2+ 45.Ke2 Nxc4 46.Bc5 Rb2+ 47.Kf1 Kf7 48.Kg1 h5 49.Kh2 Kg6 50.Kg3 Rb3+
51.Kh2 Kf5 52.Bd4 Rd3 53.Bc5 Kg4 54.Be7 Ne3 55.Nxe3+ Rxe3 56.Bc5 Re2+ 57.Kg1 Kf3
58.Kh1 g4 59.Bb6 g3 60.Bc5 Rh2+ 61.Kg1 Rc2  0-1

[Event "6th HZ Open"]
[Site "Vlissingen NED"]
[Date "2002.08.05"]
[Round "2"]
[White "Stange,W"]
[Black "Nijboer,F"]
[Result "0-1"]
[WhiteElo "2158"]
[BlackElo "2567"]

1.d4 Nf6 2.c4 g6 3.g3 Bg7 4.Bg2 O-O 5.Nf3 d6 6.O-O Nc6 7.Nc3 Rb8 8.h3 a6
9.a4 Na5 10.Nd2 Nd7 11.e3 c5 12.d5 Nb6 13.Qe2 e6 14.Qd3 exd5 15.cxd5 c4 16.Qc2 Bd7
17.Re1 Rc8 18.Kh2 Be8 19.Ra3 Nd7 20.Bf1 f5 21.Qb1 Bf7 22.e4 b5 23.axb5 axb5
24.Nxb5 Qb6 25.Nxd6 Qxd6 26.Qa1 Qb6 27.Kg1 Rc5  0-1

[Event "TUR-GEO Chess Summit"]
[Site "Ankara TUR"]
[Date "2002.08.06"]
[Round "3"]
[White "Janjgava,N"]
[Black "Bayram,Y"]
[Result "1-0"]
[WhiteElo "2248"]
[BlackElo "2281"]

1.d4 Nf6 2.c4 g6 3.Nf3 Bg7 4.g3 O-O 5.Bg2 d6 6.O-O c6 7.Nc3 Qa5 8.e4 Nbd7
9.Re1 e5 10.h3 Re8 11.Rb1 Qc7 12.Be3 exd4 13.Nxd4 Nc5 14.Qc2 Ne6 15.Nde2 b6
16.Rbd1 Bb7 17.f4 Rad8 18.Bf2 d5 19.e5 Nd7 20.cxd5 cxd5 21.Qb1 d4 22.Nb5 Qc4
23.Nd6 Qc5 24.Nc4 Qxc4  1-0

[Event "Inline Czechia Cup"]
[Site "Olomouc CZE"]
[Date "2002.08.06"]
[Round "7"]
[White "Bernasek,J"]
[Black "Maslak,A"]
[Result "1-0"]
[WhiteElo "2289"]
[BlackElo "2305"]

1.d4 Nf6 2.c4 g6 3.Nf3 Bg7 4.g3 O-O 5.Bg2 d6 6.O-O Nc6 7.Nc3 Bf5 8.Nh4 Bd7
9.e4 e5 10.d5 Nd4 11.f4 c5 12.dxc6 bxc6 13.f5 Qe7 14.Bg5 h6 15.Be3 Kh7 16.Bxd4 exd4
17.Qxd4 Ng4 18.Qd2 Ne5 19.b3 Rad8 20.Rad1 Bc8 21.h3 Bf6 22.Nf3 Nxf3+ 23.Rxf3 Bb7
24.Rd3 c5 25.Nb5 Bxe4 26.Bxe4 Qxe4 27.Rd5 Qf3 28.Qf2 Qxf2+ 29.Kxf2 gxf5 30.Nxd6 Bd4+
31.Kf3 a5 32.Nxf5 Rxd5 33.cxd5 Rd8 34.d6 Kg6 35.g4 h5 36.Ke4 hxg4 37.hxg4 Bf6
38.Rd5 a4 39.Ne7+ Bxe7 40.dxe7 Re8 41.Re5 axb3 42.axb3 f6 43.Re6 Kf7 44.Kd5 Rb8
45.e8=Q+  1-0

[Event "ch-SLO"]
[Site "Dobrna SLO"]
[Date "2002.08.08"]
[Round "5"]
[White "Velickovic,Z"]
[Black "Tratar,M"]
[Result "1/2-1/2"]
[WhiteElo "2355"]
[BlackElo "2466"]

1.Nf3 d6 2.d4 Nf6 3.g3 g6 4.Bg2 Bg7 5.c4 O-O 6.O-O c6 7.Nc3 Bf5 8.b3 Ne4
9.Bb2 Nxc3 10.Bxc3 Be4 11.e3 c5 12.Rc1 cxd4 13.Bxd4 Nc6 14.Bxg7 Kxg7 15.Qd2 b6
16.Nd4 Bxg2 17.Kxg2 Qd7 18.e4 Rac8 19.h4 Nxd4 20.Qxd4+ f6 21.h5 Qe6 22.hxg6 hxg6
23.Rh1  1/2-1/2

[Event "Inline Czechia Cup"]
[Site "Olomouc CZE"]
[Date "2002.08.08"]
[Round "9"]
[White "Bernasek,J"]
[Black "Llaneza Vega,P"]
[Result "1-0"]
[WhiteElo "2289"]
[BlackElo "2302"]

1.d4 Nf6 2.c4 g6 3.Nf3 Bg7 4.g3 O-O 5.Bg2 d6 6.O-O Nc6 7.Nc3 a6 8.b3 Rb8
9.Bb2 e5 10.dxe5 dxe5 11.Nd5 Re8 12.Nd2 Be6 13.e4 Nd4 14.Bxd4 exd4 15.Nxf6+ Bxf6
16.f4 Bd7 17.e5 Bg7 18.Nf3 c5 19.Nd2 Qe7 20.Bd5 Kh8 21.Ne4 f6 22.exf6 Bxf6
23.Qf3 Bh3 24.Rfd1 Bf5 25.Re1 d3 26.Rad1 Bc3 27.Nxc3 Qxe1+ 28.Rxe1 Rxe1+
29.Kf2 Rbe8 30.g4 Rc1 31.gxf5 Rc2+ 32.Kg3 Rxc3 33.f6 Re2 34.f5 gxf5 35.Kf4  1-0

[Event "It"]
[Site "Sudak UKR"]
[Date "2002.08.10"]
[Round "11"]
[White "Savon,V"]
[Black "Semenova,I"]
[Result "1-0"]
[WhiteElo "2421"]
[BlackElo "2257"]

1.d4 Nf6 2.c4 g6 3.g3 Bg7 4.Bg2 d6 5.Nf3 O-O 6.Nc3 Nbd7 7.d5 Nc5 8.Be3 Na6
9.Qd2 e5 10.dxe6 Bxe6 11.Nd4 c6 12.Nxe6 fxe6 13.O-O Ng4 14.Bf4 e5 15.Bg5 Qc7
16.Ne4 h6 17.h3 hxg5 18.hxg4 Rad8 19.Qxg5 Qf7 20.Rad1 d5 21.cxd5 cxd5 22.Qh4 Bf6
23.Nxf6+ Qxf6 24.Bxd5+ Kg7 25.g5  1-0

[Event "ch-AUT"]
[Site "Oberpullendorf AUT"]
[Date "2002.08.12"]
[Round "3"]
[White "Hoelzl,F"]
[Black "Karner,C"]
[Result "0-1"]
[WhiteElo "2393"]
[BlackElo "2301"]

1.d4 Nf6 2.Nf3 g6 3.c4 Bg7 4.g3 O-O 5.Bg2 d6 6.O-O Nbd7 7.Nc3 e5 8.e3 Re8
9.b3 Nf8 10.dxe5 dxe5 11.Bb2 Bf5 12.Nb5 Bd3 13.Nxc7 Qxc7 14.Qxd3 e4 15.Qe2 exf3
16.Bxf3 Rad8 17.Rad1 b6 18.Bxf6 Bxf6 19.Bd5 Ne6 20.h4 h5 21.Qf3 Kg7 22.Rd2 Nc5
23.Rfd1 Qe7 24.Kg2 Ne4 25.Bxe4 Rxd2 26.Rxd2 Qxe4 27.Rd7 Qxf3+ 28.Kxf3 Re7
29.Rd6 Be5 30.Rd8 f5 31.Ke2 Bc7 32.Ra8 Bd6 33.Rd8 Bb4 34.Kf3 a5 35.Kf4 Re4+
36.Kf3 Re6 37.Rd7+ Kf6 38.Rd8 Rd6 39.Rf8+ Kg7 40.Rb8 Rd2  0-1

[Event "Saraybahce GP"]
[Site "Kocaeli TUR"]
[Date "2002.08.18"]
[Round "2"]
[White "Guliev,S"]
[Black "Reyhan,D"]
[Result "1-0"]
[WhiteElo "2481"]
[BlackElo "2082"]

1.d4 Nf6 2.c4 g6 3.g3 Bg7 4.Bg2 O-O 5.Nf3 d6 6.Nc3 c5 7.O-O Nc6 8.d5 Na5
9.Nd2 a6 10.Qc2 Rb8 11.b3 b5 12.Bb2 Bh6 13.cxb5 axb5 14.e4 Ba6 15.Rfe1 b4
16.Nd1 Bxd2 17.Qxd2 c4 18.e5 Ne8 19.Re4 c3 20.Nxc3 bxc3 21.Bxc3 Nb7 22.Qh6 f6
23.e6 Bd3 24.Rd4 Bf5 25.g4 Ng7 26.Qd2 Nxe6 27.dxe6 Bxe6 28.Re1 Bf7 29.b4 Qd7
30.g5 e5 31.Rd3 Bc4 32.Rg3 Qf7 33.gxf6 Bxa2 34.Ra1 Be6 35.Ra7 d5 36.Bxe5 Qd7
37.h4 Ra8 38.Rxa8 Rxa8 39.h5 Qf7 40.hxg6 hxg6 41.Qh6  1-0

[Event "Saraybahce GP"]
[Site "Kocaeli TUR"]
[Date "2002.08.24"]
[Round "8"]
[White "Laciner,K"]
[Black "Bilgin,R"]
[Result "1-0"]
[WhiteElo "2220"]
[BlackElo "2031"]

1.d4 Nf6 2.c4 g6 3.Nf3 Bg7 4.g3 O-O 5.Bg2 d6 6.Nc3 Nbd7 7.O-O c6 8.e4 e5
9.h3 Qc7 10.Be3 Rd8 11.Qd2 Nf8 12.d5 Nh5 13.b4 f5 14.Bg5 Rd7 15.exf5 gxf5
16.Rac1 e4 17.Nd4 Rf7 18.Rfd1 Be5 19.dxc6 bxc6 20.b5 Bd7 21.bxc6 Bxc6 22.Ncb5 Qd7
23.Nxc6 Qxc6 24.Nxd6 Bxd6 25.Qxd6 Qa4 26.Qh6 Ng7 27.c5 Rc8 28.Bf1 Rxc5 29.Be3 Rcc7
30.Rd4 Qe8 31.Bc4 Nge6 32.Rd6 Rce7 33.Bg5 e3 34.Bxe3 f4 35.Bxf4 Nxf4 36.Qxf4 Re1+
37.Rxe1 Qxe1+ 38.Kg2  1-0

[Event "Saraybahce GP"]
[Site "Kocaeli TUR"]
[Date "2002.08.24"]
[Round "8"]
[White "Gagunashvili,M"]
[Black "Duman,A"]
[Result "1-0"]
[WhiteElo "2469"]
[BlackElo "2155"]

1.d4 Nf6 2.c4 g6 3.Nf3 Bg7 4.g3 O-O 5.Bg2 d6 6.Nc3 Nc6 7.O-O a6 8.Re1 Rb8
9.Rb1 e5 10.d5 Na5 11.Nd2 c5 12.dxc6 Nxc6 13.b3 Qa5 14.Nde4 Nxe4 15.Nxe4 Bf5
16.Bd2 Qc7 17.Rc1 Rbd8 18.Bg5 f6 19.Be3 Be6 20.Nc3 f5 21.Nd5 Qf7 22.Bg5 Rde8
23.Qd2 f4 24.gxf4 h6 25.f5 Qxf5 26.Bxh6 Qxf2+ 27.Kh1 Nd4 28.Qg5 Nf5 29.Rf1 Qxe2
30.Qxg6 Nxh6 31.Nf6+ Rxf6 32.Qxe8+ Kh7 33.Rxf6 Bxf6 34.Qxe6 Bg5 35.Rf1 Qe3
36.Qd7+ Kg6 37.Qxd6+ Kg7 38.Qd7+ Kg6 39.Qxb7 Bf4 40.Qe4+  1-0

[Event "WY ol"]
[Site "Kuala Lumpur MAS"]
[Date "2002.08.25"]
[Round "7"]
[White "Hassan,Ab"]
[Black "Bourmistrov,D"]
[Result "1-0"]
[WhiteElo "2244"]
[BlackElo "2209"]

1.d4 d6 2.Nf3 g6 3.c4 Nf6 4.g3 Bg7 5.Bg2 O-O 6.O-O c6 7.Nc3 Qa5 8.e4 h6 9.h3 e5
10.a3 Qc7 11.Be3 Re8 12.Re1 Nbd7 13.Qc2 d5 14.exd5 cxd5 15.dxe5 Nxe5 16.Nxe5 Rxe5
17.c5 Rxe3 18.Rxe3 d4 19.Nb5 Qd8 20.Rd1 Nd5 21.Ree1 Ne7 22.Qd2 Nc6 23.Nd6 Be6
24.Nxb7 Qd7 25.Na5 Nxa5 26.Qxa5  1-0

[Event "WY ol"]
[Site "Kuala Lumpur MAS"]
[Date "2002.08.26"]
[Round "8"]
[White "Hassan,Ab"]
[Black "Amanov,M"]
[Result "1-0"]
[WhiteElo "2244"]
[BlackElo "2111"]

1.d4 Nf6 2.Nf3 g6 3.c4 Bg7 4.g3 O-O 5.Bg2 d6 6.O-O Nc6 7.Nc3 a6 8.d5 Na5
9.b3 c5 10.dxc6 Ne4 11.c7 Qxc7 12.Nd5 Qd8 13.Be3 Nc6 14.Nd4 Nf6 15.Nxc6 bxc6
16.Nb4 Qc7 17.Nxc6 Bb7 18.Nd4 Bxg2 19.Kxg2 Ng4 20.Bc1 e5 21.Nc2 e4 22.Rb1 Qa5
23.a4 Rfd8 24.Ne3 Nxe3+ 25.Bxe3 Rab8 26.Qc2 d5 27.cxd5 Qxd5 28.Rfd1 Qe6 29.Rxd8+ Rxd8
30.b4 Rc8 31.Qb3 Qg4 32.Qd1 Be5 33.b5 axb5 34.axb5 Re8 35.b6 Bb8 36.b7 h5
37.Qa4 Rd8 38.Rd1 Rf8 39.Qb5 Qe6 40.Qd5 Qg4 41.Bh6 Re8 42.Qd4 Be5 43.Qxe5  1-0

[Event "GP"]
[Site "Izmir TUR"]
[Date "2002.08.31"]
[Round "4"]
[White "Gaprindashvili,V"]
[Black "Valensi,B"]
[Result "1-0"]
[WhiteElo "2471"]
[BlackElo "2173"]

1.d4 Nf6 2.c4 d6 3.Nf3 g6 4.g3 Bg7 5.Bg2 O-O 6.O-O Nc6 7.d5 Na5 8.Qa4 c5
9.Bd2 b6 10.Bc3 Bd7 11.Qc2 Rb8 12.Nbd2 b5 13.b3 e5 14.dxe6 fxe6 15.Rad1 bxc4
16.Bxa5 Qxa5 17.Nxc4 Qc7 18.Rxd6 Rb4 19.Nfe5 Bc8 20.Rc6 Qe7 21.Nd6 Bd7 22.Nxd7 Nxd7
23.Nc4 Nb8 24.a3 Nxc6 25.axb4 Nxb4 26.Qe4 Nd5 27.Bh3 Re8 28.e3 Kf7 29.Rc1 Rb8
30.Nd2 Rb4 31.Qf3+ Kg8 32.Ne4 Rb5 33.Nxc5 Nc7 34.Qc6 Rb6 35.Qe4 Qd6 36.Nd3 Bf6
37.Nf4 e5 38.Qc4+ Kh8 39.Nxg6+ hxg6 40.Qxc7 Qxc7 41.Rxc7 Rxb3 42.Rxa7 Rb6
43.Kg2 Bg5 44.Kf3 Rf6+ 45.Ke2 Rd6 46.Bg2 Bf6 47.Be4 g5 48.Kf3 Rd2 49.Rf7 g4+
50.Kxg4 Rxf2 51.h4 Kg8 52.Bd5 Kh8 53.Kh5  1-0

[Event "Kaissa I"]
[Site "Alushta UKR"]
[Date "2002.09.02"]
[Round "2"]
[White "Agamaliev,G"]
[Black "Kaiumov,D"]
[Result "1/2-1/2"]
[WhiteElo "2489"]
[BlackElo "2460"]

1.d4 Nf6 2.c4 g6 3.Nf3 Bg7 4.g3 O-O 5.Bg2 d6 6.O-O Nc6 7.Nc3 a6 8.d5 Na5
9.Nd2 c5 10.Qc2 Rb8 11.b3 b5 12.Bb2 Bh6 13.f4 bxc4 14.bxc4 e5 15.dxe6 Bxe6
16.Nd5 Rxb2 17.Qxb2 Bg7 18.Qa3 Nxc4 19.Nxc4 Nxd5 20.Rac1 Nb4 21.Rfd1 d5 22.Nb2 Qe7
23.Nd3 Bd4+ 24.Kh1 Be3 25.Rb1 Bf5 26.Rxb4 cxb4 27.Qxb4 Qxb4 28.Nxb4 d4 29.Nxa6 Bg4
30.Bf3 Bxf3+ 31.exf3 Ra8 32.Nb4 Ra4 33.Nc2 Kg7 34.Rd3 Rxa2 35.Nxe3 dxe3 36.Rxe3  1/2-1/2

[Event "Kaissa I"]
[Site "Alushta UKR"]
[Date "2002.09.04"]
[Round "5"]
[White "Konstantinov,Alexa"]
[Black "Agamaliev,G"]
[Result "0-1"]
[WhiteElo "2410"]
[BlackElo "2489"]

1.d4 Nf6 2.c4 g6 3.Nf3 Bg7 4.g3 O-O 5.Bg2 d6 6.O-O Nc6 7.Nc3 e5 8.d5 Ne7
9.c5 Ne8 10.cxd6 Nxd6 11.Qb3 h6 12.e4 Kh8 13.Re1 Bd7 14.Nd2 c6 15.Qa3 Qc7
16.Nc4 c5 17.Nxd6 Qxd6 18.Be3 b6 19.Nb1 f5 20.f3 g5 21.Nd2 f4 22.Nc4 Qg6
23.Bd2 Nc8 24.b4 b5 25.bxc5 bxc4 26.Rab1 g4 27.Rb7 gxf3 28.Qxf3 Bg4 29.Qf2 f3
30.Bf1 Qa6 31.Rc7 Rb8 32.Bc3 Qa3 33.Rxg7 Qxc3 34.Rxg4 Rb2 35.Re2 Rxe2 36.Bxe2 Qc1+
37.Bf1 c3 38.c6 c2 39.Qc5 f2+ 40.Kg2 Nd6 41.Qc3 Kh7  0-1

[Event "TCh-CRO"]
[Site "Medulin CRO"]
[Date "2002.09.09"]
[Round "1"]
[White "Dizdar,G"]
[Black "Mohr,G"]
[Result "1/2-1/2"]
[WhiteElo "2525"]
[BlackElo "2523"]

1.d4 Nf6 2.Nf3 g6 3.c4 Bg7 4.g3 O-O 5.Bg2 d6 6.O-O c6 7.Nc3 Bf5 8.b3 Ne4
9.Bb2 Nxc3 10.Bxc3 Be4 11.e3 d5 12.Qe2 e6 13.Rfd1 Nd7 14.Bf1 Bxf3 15.Qxf3 f5
16.Qe2 Nf6 17.Rab1 a6 18.a4 g5 19.b4 Ne4 20.Be1 g4 21.b5  1/2-1/2

[Event "TCh-CRO"]
[Site "Medulin CRO"]
[Date "2002.09.10"]
[Round "2"]
[White "Dizdar,G"]
[Black "Fercec,N"]
[Result "1/2-1/2"]
[WhiteElo "2525"]
[BlackElo "2494"]

1.d4 Nf6 2.Nf3 g6 3.c4 Bg7 4.g3 O-O 5.Bg2 d6 6.O-O c6 7.Nc3 Qa5 8.e4 Bg4
9.h3 Bxf3 10.Bxf3 Nbd7 11.Be3 c5 12.d5 Qb4 13.Qb3 Nb6 14.Be2 a5 15.Rab1 Rfc8
16.Rfc1 Qxb3 17.axb3 a4 18.Bd1  1/2-1/2

[Event "It"]
[Site "Tula RUS"]
[Date "2002.09.10"]
[Round "7"]
[White "Gusev,Al"]
[Black "Amonatov,F"]
[Result "0-1"]
[WhiteElo "2412"]
[BlackElo "2483"]

1.d4 Nf6 2.Nf3 g6 3.c4 Bg7 4.g3 O-O 5.Bg2 d6 6.O-O Nbd7 7.Qc2 e5 8.Rd1 Qe7
9.Nc3 c6 10.e4 a5 11.h3 exd4 12.Nxd4 Nc5 13.Bf4 Re8 14.Ndb5 Nfxe4 15.Nxd6 Nxc3
16.Nxe8 Bf5 17.Re1 Qxe1+ 18.Rxe1 Bxc2 19.bxc3 Nd3 20.Re2 Nxf4 21.Rxc2 Nxh3+
22.Bxh3 Rxe8 23.Rb2 Re1+ 24.Bf1 Bxc3 25.Rxb7 Ra1 26.c5 Bd4 27.Kg2 Rxa2 28.Rxf7 Kxf7
29.Bc4+ Kf6 30.Bxa2 a4 31.f4 a3 32.Kf3 h5 33.g4 Bxc5  0-1

[Event "It"]
[Site "Tula RUS"]
[Date "2002.09.12"]
[Round "9"]
[White "Gusev,Al"]
[Black "Igriashvili,Z"]
[Result "1/2-1/2"]
[WhiteElo "2412"]
[BlackElo "2296"]

1.d4 Nf6 2.Nf3 g6 3.c4 Bg7 4.g3 O-O 5.Bg2 d6 6.O-O c5 7.dxc5 dxc5 8.Nc3 Nc6
9.Bf4 Be6 10.Ne5 Na5 11.Nd3 Rc8 12.b3 Nh5 13.Be5 Bxe5 14.Nxe5 Nf6 15.Ne4 Nxe4
16.Bxe4 Qxd1 17.Rfxd1 Rfd8  1/2-1/2